State of The Indian Farmer (Record no. 299176)
[ view plain ]
| 000 -LEADER | |
|---|---|
| fixed length control field | 00466nam a22001577a 4500 |
| 020 ## - INTERNATIONAL STANDARD BOOK NUMBER | |
| International Standard Book Number | 81-7188-370-2 |
| 040 ## - CATALOGING SOURCE | |
| Original cataloging agency | ddc |
| 082 ## - DEWEY DECIMAL CLASSIFICATION NUMBER | |
| Classification number | 338.10954 THI/ST |
| 100 ## - MAIN ENTRY--PERSONAL NAME | |
| Personal name | G Thimmaiah |
| -- | K Rajan |
| 245 ## - TITLE STATEMENT | |
| Title | State of The Indian Farmer |
| Remainder of title | 26 - Policy and Organisational Support |
| 260 ## - PUBLICATION, DISTRIBUTION, ETC. (IMPRINT) | |
| Place of publication, distribution, etc. | New Delhi |
| Name of publisher, distributor, etc. | Academic Foundation |
| Date of publication, distribution, etc. | 2004 |
| 300 ## - PHYSICAL DESCRIPTION | |
| Extent | 147 |
| 546 ## - LANGUAGE NOTE | |
| Language note | English |
| 650 ## - SUBJECT ADDED ENTRY--TOPICAL TERM | |
| Topical term or geographic name as entry element | introduction |
| -- | policy on agrarian reforms |
| -- | agricultural price policy |
| 942 ## - ADDED ENTRY ELEMENTS (KOHA) | |
| Koha item type | Reference Book |
| Source of classification or shelving scheme | Dewey Decimal Classification |
| Withdrawn status | Lost status | Damaged status | Not for loan | Home library | Current library | Date acquired | Total Checkouts | Full call number | Barcode | Date last seen | Price effective from | Koha item type |
|---|---|---|---|---|---|---|---|---|---|---|---|---|
| College of Agriculture, Padannakkad | College of Agriculture, Padannakkad | 03/03/2016 | 338.10954 THI/ST | KAU_COAP-02741 | 03/03/2016 | 03/03/2016 | Reference Book |
